| 000 | 00949cam a22003011 4500 | ||
|---|---|---|---|
| 001 | 3291 | ||
| 003 | FISKH | ||
| 005 | 20250826143212.0 | ||
| 008 | 781128s1962 nyua j 000 1 eng | ||
| 010 | _a 62010252 | ||
| 020 | _a9780440404958 | ||
| 040 |
_aDLC _cDLC _dDLC _beng |
||
| 042 | _alcac | ||
| 050 | 0 | 0 |
_aPZ7.M995 _bHo |
| 082 | 0 | 0 | _a[E] |
| 100 | 1 | _aMyller, Rolf. | |
| 245 | 1 | 0 |
_aHow big is a foot? _cWritten and illustrated by Rolf Myller |
| 250 | _aThis edition 1990 | ||
| 260 |
_aNew York, _bRandom House, _c1962. |
||
| 300 |
_a36 unnumbered pages : _billustrations ; _c20 cm |
||
| 505 | _aN | ||
| 520 | _aThrown in jail because the bed he made for the Queen is too small, an apprentice comes up with a more accurate way of measuring size. | ||
| 521 | 8 |
_a580
_bLexile NC |
|
| 521 | 8 |
_aN
_bRaz-Plus |
|
| 650 | 1 |
_aMeasurement _xFiction. |
|
| 906 |
_a7 _bcbc _corignew _d1 _eocip _f19 _gy-gencatlg |
||
| 942 |
_2ddc _cBK _n0 |
||
| 999 |
_c3291 _d3291 |
||